| 000 | 01418nam0a22003131 4500 | ||
|---|---|---|---|
| 001 | rc\3946354 | ||
| 005 | 20260406084555.0 | ||
| 021 |
_aRU _b[52-45089] |
||
| 035 | _a(NLR Aleph) 008041457 | ||
| 090 |
_a8883926 _c8883926 |
||
| 100 | _a20130415d1952 |||y0rusy50 ca | ||
| 101 | 0 | _arus | |
| 102 | _aRU | ||
| 105 | _aa z ||||| | ||
| 200 | 1 |
_aВозведение капитальных зданий на сильно сжимаемых основаниях _e(Опыт фундаментостроения) _fАкад. архитектуры СССР. Ленингр. филиал |
|
| 205 | _a2-е изд. | ||
| 210 |
_aЛенинград _aМосква _cГос. изд-во лит. по строительству и архитектуре _d1952 |
||
| 215 |
_a128 с. _cил. _d20 |
||
| 300 | _aПеред загл. авт.: Б.Д. Васильев, чл.-кор. Акад. архитектуры СССР, д-р техн. наук | ||
| 320 | _aБиблиогр.: с. 127 (14 назв.) | ||
| 606 |
_aГрунты под фундаменты _2psbo |
||
| 606 |
_aОснования и фундаменты _2psbo |
||
| 700 | 1 |
_7ca _8rus _aВасильев _bБ. Д. _cд-р техн. наук _f1890-1963 _gБорис Дмитриевич _3RU\NLR\AUTH\770279213 _92651180 |
|
| 801 | 0 |
_aRU _bNLR _gpsbo |
|
| 801 | 1 |
_aRU _bELAR _2rusmarc |
|
| 852 |
_aNLR _jТ80 Г-3/361 |
||
| 942 | _cBOOK | ||
| 980 | _aNB | ||